00493nam a2200145 a 450000500170000000800410001702000180005805000180007610000290009424500570012326000330018030000070021399900190022095201080023920140412111415.0070718s19uu xx 00 eng d a0-7460-6324-5 aERbPr93 2004 aAndersen, Hans Christian aThe princess and the pea /cHans Christian Andersen. aU.S.A :bUsborne Pub,c2004. a48 c105819d105819 001040aELbELcERd2007-07-18eReplacedl0oER Pr93 2004pE10734r2014-04-12 00:00:00w2014-04-12yBK